000 01233nam a2200361Ic 4500
001 58879
003 CO-BoRNBP
005 20250828201819.0
007 ta
008 200115s2019 ck 000 0 spa d
020 _a9789585808225
040 _aCO-BoRNBP
_bspa
_erda
_cCO-BoRNBP
041 0 _aspa
084 _aN
100 _aMontes, Graciela,
_d1947-
_eaut
_937463
245 1 0 _aAventuras y desventuras de Casiperro del hambre /
_cGraciela Montes ; ilustraciones Oscar Rojas.
250 _aEdición especial
264 1 _aBogotá, Colombia :
_bUniverso Libros,
_c2019
300 _a136 páginas :
_bilustraciones en color
336 _2rdacontent
_atexto
_btxt
337 _2rdamedia
_asin mediación
_bn
338 _2rdacarrier
_avolumen
_bnc
490 0 _aPlan Nacional de Lectura y Escritura Leer es mi Cuento / Ministerio de Cultura
504 _aIncluye datos biográficos de la autora
650 0 0 _aHumor Negro (Cine)
_vNovela
_2LEMB
_964284
650 0 4 _aLiteratura infantil argentina
_2LEMB
_92511
650 0 4 _aNovela infantil argentina
_2LEMB
650 0 7 _aVagabundos
_vNovela
_2lemb
_964285
655 _aNovela
_963194
655 _aNovela
_963194
700 _aRojas, Oscar
_eill
_960390
942 _2loc
_cBKLIT
999 _c58879
_d58879